| 000 | 00938nam1a22002411i 4500 | ||
|---|---|---|---|
| 001 | rc\3553099 | ||
| 005 | 20260407025925.0 | ||
| 035 | _a(NLR Aleph) 007675943 | ||
| 090 |
_a6485835 _c6485835 |
||
| 100 | _a20130115g1971 |||y0rusy50 ca | ||
| 101 | 0 | _arus | |
| 102 | _aRU | ||
| 105 | _a z ||||| | ||
| 200 | 1 |
_aВопросы проектирования содовых заводов _eЧ. 1 - _fГос. науч.-исслед. и проектный ин-т основной химии "НИОХим" |
|
| 210 |
_aХарьков _cБ. и. _d1971- |
||
| 215 | _d20 | ||
| 606 |
_aСодовые заводы _xПроектирование _jСборники _2psbo |
||
| 606 |
_aСодовые заводы _xПроектирование _2psbo |
||
| 712 | 0 | 2 |
_aНИИ основной химии _cХарьков _9521243 _3RU\NLR\AUTH\8810011761 |
| 801 | 0 |
_aRU _bNLR _gpsbo |
|
| 801 | 1 |
_aRU _bELAR _2rusmarc |
|
| 852 |
_aNLR _j72-4/3672 |
||
| 942 | _cBOOK | ||